| 000 | 01923ngm a22004210a 4500 | ||
|---|---|---|---|
| 001 | PT19379 | ||
| 003 | AR-LpoUNG | ||
| 005 | 20210202000304.0 | ||
| 007 | vd cvaizq | ||
| 008 | 191001s1995||||ag |||||||||||||||||spa d | ||
| 037 | _c$16.63 | ||
| 040 |
_aAR-LpoUNG _bspa _cAR-LpoUNG _eaacr |
||
| 041 | _aspa | ||
| 044 | _aag | ||
| 082 | 0 | _a982.064 36tie | |
| 100 | 1 |
_aIncacaterra, Daniele _edir. |
|
| 245 | 1 | 0 | _aTierra de Avellaneda |
| 260 |
_aBuenos Aires : _bCine Ojo Films & Video, _c1995. |
||
| 300 | _aVHS (85 min.) : son., col. | ||
| 520 | _aEn este film documental se despliega un análisis de la conducta social respecto de los hechos trágicos de la reciente historia argentina, la represión, el terrorismo de estado, el devenir de la democracia y los indultos del presidente Menem por el cual recuperaron la libertad guerrilleros y responsables de la represión. Centraliza el tema una historia individual, la familia Manfil, a partir del momento en que un equipo de antropólogos forenses inicia la investigación para identificar los restos de tres personas que fueron asesinadas y que pueden corresponder a miembros de la familia. Los testimonios de las víctimas sobrevivientes, los del equipo de antropología forense y del ex Ministro del Interior Gral. Albano Harguindeguy, son parte central en este film. De todo se deduce una posibilidad de reconciliación basada, no en decretos o voluntarismos, sino en la Justicia. | ||
| 650 | 4 | _aARGENTINA | |
| 650 | 4 | _aASPECTOS POLITICOS | |
| 650 | 4 | _aAUTORITARISMO | |
| 650 | 4 | _aDESARROLLO POLITICO | |
| 650 | 4 | _aDICTADURA | |
| 650 | 4 | _aSISTEMAS POLITICOS | |
| 650 | 4 | _aTERRORISMO | |
| 653 | _aDOCUMENTALES | ||
| 653 | _aREPRESION | ||
| 653 | _aVIDEOS | ||
| 710 | 2 | _aCine Ojo (firma comercial : Buenos Aires) | |
| 710 | 2 | _aINA | |
| 710 | 2 | _aLa Sept Arte | |
| 710 | 2 | _aVoleur | |
| 710 | 2 | _aZDF | |
| 905 | _a19379 | ||
| 942 | _cVIDEO | ||
| 999 |
_c54538 _d54538 |
||